L'amore in italia : antologia di racconti italiani.
Guardat en:
| Format: | Llibre |
|---|---|
| Idioma: | italià |
| Publicat: |
Milano :
Sugar,
1963
|
| Edició: | 2. ed |
| Etiquetes: |
Sense etiquetes, Sigues el primer a etiquetar aquest registre!
|
MARC
| LEADER | 00000nam a22000007i 4500 | ||
|---|---|---|---|
| 001 | IT\ICCU\UBO\2356662 | ||
| 003 | ItRI | ||
| 005 | 20260115232222.0 | ||
| 008 | 031203s1963 it |||||| ||||| |||||c | ||
| 040 | |b ita |c importazione bologna sebina | ||
| 041 | 7 | |a ita |2 ISO-639-2 | |
| 245 | 0 | 2 | |a L'amore in italia : |b antologia di racconti italiani. |
| 250 | |a 2. ed | ||
| 260 | |a Milano : |b Sugar, |c 1963 | ||
| 300 | |a 340 p. ; |c 22 cm. | ||
| 942 | |2 ddc |c BK |n 0 | ||
| 952 | |0 0 |1 0 |4 0 |6 DOC_853_085000000000000_AMO |7 0 |9 22206 |a BO |b BO |d 2026-01-15 |i 1472 |l 0 |o DOC 853.085 AMO |p BO1472 |r 2026-01-15 23:22:22 |w 2026-01-15 |x [Sebina 5] [1 v.] |y BK |z 1 v. | ||
| 999 | |c 18976 |d 18976 | ||